000 00673nam a2200217 i 4500
001 bg
245 0 0 _aWybrane problemy elektrotechniki i automatyki /
_cPolitechnika Krakowska im. Tadeusza Kościuszki. Wydział Inżynierii Elektrycznej.
260 _aKraków :
_bPK,
_c1995.
300 _a176 s. :
_brys. ;
_c24 cm.
500 _aWydanie jubileuszowe z.4.
504 _aBibliogr. przy pracach. - Summ.
650 9 _aElektrotechnika
_xzagadnienia
650 9 _aAutomatyka
_xzagadnienia
020 _a8390387883
040 _cBPK
041 0 _apl
_ben
080 _a621.3:681.5
920 _a83-903878-8-3
942 _cKS
008 s pl f |000 0 pol
999 _c30708
_d30708
856 _uhttp://koha.tu.koszalin.pl/cgi-bin/koha/opac-detail.pl?biblionumber=30708
_yKatalog online BPK